Looking for Mr. Goodbar

שמור ב:
מידע ביבליוגרפי
מחבר ראשי: Rossner, Judith
פורמט: ספר
שפה:Undetermined
יצא לאור: New York, Estados Unidos Pocket Books 1975
מהדורה:5
נושאים:
תגים: הוספת תג
אין תגיות, היה/י הראשונ/ה לתייג את הרשומה!

MARC

LEADER 00000nam a2200000Ia 4500
008 170316s9999 xx 000 0 und d
999 |c 28833  |d 28833 
040 |a cru BVZT 
090 |a F-810 R-3L 
100 |a Rossner, Judith 
245 |a Looking for Mr. Goodbar 
250 |a 5 
260 |a New York, Estados Unidos 
260 |b Pocket Books 
260 |c 1975 
300 |a 280 páginas 
650 |a LITERATURA ESTADOUNIDENSE  |9 25 
650 |a FICCIÓN  |9 26 
942 |c LIB  |h F-810 R-3L  |2 z